| 000 | 01110cam a2200265 4500 | ||
|---|---|---|---|
| 008 | 090401t1998 xxu||||| |||| 00| 0 eng d | ||
| 020 | _a0727726331 | ||
| 035 | _a(Sirsi) u81119 | ||
| 041 | _aeng | ||
| 050 | _a333.73 | ||
| 245 | _aContaminated and derelict land : the proceedings of Green 2 : the second international symposium on Geotechnics related to the environment held in Krakow, Poland, September 1997. | ||
| 260 |
_aLondon _bThomas Telford _c1998 |
||
| 300 | _a516p. : ill. ; 30cm. | ||
| 350 | _a65 | ||
| 520 | _aPapers from the Green 2 symposia considering the key issues surrounding contaminated and derelict land. Covers such topics as site investigation, assessment and categorisation, characterisation of materials and properties, ex-situ and in-situ treatment and performance and monitoring. | ||
| 650 | _aCONTAMINATED LAND | ||
| 650 | _aDERELICT LAND | ||
| 650 | _aINDUSTRIAL POLLUTION | ||
| 650 | _aLAND RECLAMATION | ||
| 650 | _aSITE INVESTIGATIONS | ||
| 690 | _aENVIRONMENTAL AND LAND CONSULTANCY | ||
| 700 |
_aSarsby, R. W. _xEditor |
||
| 942 | _n0 | ||
| 948 | _c26/09/1997 | ||
| 999 |
_c96672 _d96672 |
||